000 00666cab a2200181 4500
001 WB2621-25
008 090401t1990 xxu||||| |||| 00| 0 eng d
035 _a(Sirsi) u65915
041 _aeng
245 _aSecond SPZ covered by local plan
260 _c1990
350 _a0
490 _aPlanning (for the Natural and Built Environment)
_vno 870 25/5/90 p4
520 _aDerby CC the planning authority which floated the country`s first simplified planning zone has followed up with a second zone proposal on the formers Courtaulds site at Spondon on the eastern edge of the city.
690 _aPLANNING LAW AND PRACTICE
942 _n0
948 _c04/03/1997
999 _c41170
_d41170